SISTEMA POLITICO MEXICANO (Registro nro. 55526)
[ vista simple ]
| 000 -LEADER | |
|---|---|
| fixed length control field | 01102nam a2200217 a 4500 |
| 001 - CONTROL NUMBER | |
| control field | 55526 |
| 005 - DATE AND TIME OF LATEST TRANSACTION | |
| control field | 20180714050853.0 |
| 008 - FIXED-LENGTH DATA ELEMENTS--GENERAL INFORMATION | |
| fixed length control field | 140415s2010 mx 000 0 spa d |
| 020 ## - INTERNATIONAL STANDARD BOOK NUMBER | |
| International Standard Book Number | 9786074260786 |
| 041 ## - LANGUAGE CODE | |
| Language code of text/sound track or separate title | spa |
| 082 ## - DEWEY DECIMAL CLASSIFICATION NUMBER | |
| Classification number | 320.972 |
| Item number | AMP |
| 100 1# - MAIN ENTRY--PERSONAL NAME | |
| Personal name | AMPARO CASAR, MARIA |
| 245 10 - TITLE STATEMENT | |
| Title | SISTEMA POLITICO MEXICANO |
| 250 ## - EDITION STATEMENT | |
| Edition statement | 1a ed. |
| 260 ## - PUBLICATION, DISTRIBUTION, ETC. | |
| Place of publication, distribution, etc. | MEXICO : |
| Name of publisher, distributor, etc. | OXFORD UNIVERSITY PRESS MEXICO, |
| Date of publication, distribution, etc. | 2010 |
| 300 ## - PHYSICAL DESCRIPTION | |
| Extent | 278 |
| Dimensions | 16.8 x 1.6 x 23 |
| 490 ## - SERIES STATEMENT | |
| Series statement | TEXTOS JURIDICOS UNIVERSITARIOS |
| 520 ## - SUMMARY, ETC. | |
| Summary, etc. | ESTA ES UNA OBRA MINUCIOSA Y DIDACTICA QUE A PARTIR DEL ANALISIS TEORICO DE LAS INSTITUCIONES Y SU EVOLUCION, ABORDA LA ESTRUCTURA, EL ACCESO Y EL EJERCICIO DEL PODER POLITICO EN EL MEXICO DEL SIGLO XXI. ES UNA OBRA PUENTE QUE APOYADO EN ABUNDANTES DATOS EMPIRICOS SIRVE PARA QUE LOS ALUMNOS DE DERECHO Y DE CIENCIA POLITICA ANALICEN EL SISTEMA POLITICO MEXICANO DESDE UNA PERSPECTIVA INTERDISIPLINARIA Y ASI PUEDAN VALORAR LOS CAMBIOS EXPERIMENTADOS TANTO EN EL SISTEMA POLITICO COMO EN LA |
| 650 14 - SUBJECT ADDED ENTRY--TOPICAL TERM | |
| Topical term or geographic name entry element | MEXICO |
| General subdivision | POLITICA Y GOBIERNO |
| 700 1# - ADDED ENTRY--PERSONAL NAME | |
| Personal name | COSSIO D., JOSE RAMON |
| Relator term | pról. |
| Withdrawn status | Lost status | Source of classification or shelving scheme | Damaged status | Not for loan | Collection code | Home library | Current library | Shelving location | Date acquired | Source of acquisition | Total Checkouts | Total Renewals | Full call number | Barcode | Date last seen | Date last checked out | Price effective from | Koha item type | Inventory number |
|---|---|---|---|---|---|---|---|---|---|---|---|---|---|---|---|---|---|---|---|
| Dewey Decimal Classification | General | Biblioteca Karol Wojtyla | Biblioteca Karol Wojtyla | Sala general | 03/12/2013 | Compra | 6 | 5 | 320.972 AMP | 83313 | 05/01/2026 | 23/01/2023 | 03/12/2013 | Libro | 151000000000000000055734 | ||||
| Dewey Decimal Classification | General | Tehuacán | Tehuacán | Sala general | 03/12/2013 | Compra | 2 | 1 | 320.9 CAS | 506463 | 08/01/2025 | 02/09/2023 | 03/12/2013 | Libro |